Spaceflight dynamics, 2/e (Record no. 294371)
[ view plain ]
| 000 -LEADER | |
|---|---|
| fixed length control field | 00261 a2200109 4500 |
| 001 - CONTROL NUMBER | |
| control field | 59298 |
| 090 ## - LOCALLY ASSIGNED LC-TYPE CALL NUMBER (OCLC); LOCAL CALL NUMBER (RLIN) | |
| -- | 36324 |
| -- | 36324 |
| 100 ## - MAIN ENTRY--PERSONAL NAME | |
| Personal name | Wiesel william |
| 245 ## - TITLE STATEMENT | |
| Title | Spaceflight dynamics, 2/e |
| 250 ## - EDITION STATEMENT | |
| Edition statement | 2 |
| 260 ## - PUBLICATION, DISTRIBUTION, ETC. | |
| Place of publication, distribution, etc. | ND |
| Name of publisher, distributor, etc. | Tata McGraw-Hill Pub Company Ltd |
| Date of publication, distribution, etc. | 2007 |
| 942 ## - ADDED ENTRY ELEMENTS (KOHA) | |
| Institution code [OBSOLETE] | NUST-CAE |
| Call number prefix | 629.411 WIL |
| Withdrawn status | Lost status | Damaged status | Not for loan | Collection code | Permanent Location | Current Location | Date acquired | Total Checkouts | Full call number | Barcode | Date last seen | Price effective from | Koha item type |
|---|---|---|---|---|---|---|---|---|---|---|---|---|---|
| College of Aeronautical Engineering (CAE) | College of Aeronautical Engineering (CAE) | 04/03/2017 | 629.411 WIL | CAE80775 | 04/05/2017 | 04/05/2017 | Book |
